000 00765nam a2200253Ia 4500
003 OSt
005 20220928122410.0
006 a|||||r|||| 00| 0
007 ta
008 220927b |||||||| |||| 00| 0 eng d
020 _c5636.2669999999998
024 _a111165
037 _b64, 23/02/2011, Better Book Service
_cTextual
040 _aSDCL
_cSDCL
_beng
041 _2eng
_aeng
082 _aE9G:9862:f3, Q0
100 _aMikhail Soloviev Ed.
_9457954
245 0 _aPeptidomics
_b Methods and protocols.
260 _aLondon
_bHumana Press
_c2010
300 _axiv,395p.
_ccm.
650 _aBiophysics
942 _hE9G:9862:f3, Q0
_cTEXL
_2CC
999 _c771356
_d771356